<?xml version="1.0" encoding="UTF-8"?>
<record
    xmlns:xsi="http://www.w3.org/2001/XMLSchema-instance"
    xsi:schemaLocation="http://www.loc.gov/MARC21/slim http://www.loc.gov/standards/marcxml/schema/MARC21slim.xsd"
    xmlns="http://www.loc.gov/MARC21/slim">

  <leader>00543nam a22001457a 4500</leader>
  <datafield tag="999" ind1=" " ind2=" ">
    <subfield code="c">534441</subfield>
    <subfield code="d">534441</subfield>
  </datafield>
  <datafield tag="022" ind1=" " ind2=" ">
    <subfield code="a">2522-2252 E-2522-2260</subfield>
  </datafield>
  <datafield tag="082" ind1=" " ind2=" ">
    <subfield code="a">Vol-</subfield>
  </datafield>
  <datafield tag="100" ind1=" " ind2=" ">
    <subfield code="a">JQM</subfield>
    <subfield code="9">28580</subfield>
  </datafield>
  <datafield tag="245" ind1=" " ind2=" ">
    <subfield code="a">Journal of Quantitative Methods :</subfield>
    <subfield code="b">A step forward in data driven innovations /</subfield>
    <subfield code="c">Department of Quantitative Methods, School of Business and Economics.</subfield>
  </datafield>
  <datafield tag="260" ind1=" " ind2=" ">
    <subfield code="a">Lahore :</subfield>
    <subfield code="b">University of Management and Technology,</subfield>
  </datafield>
  <datafield tag="300" ind1=" " ind2=" ">
    <subfield code="c">24 cm.</subfield>
  </datafield>
  <datafield tag="500" ind1=" " ind2=" ">
    <subfield code="a">Bi-annual Journal</subfield>
  </datafield>
  <datafield tag="650" ind1=" " ind2=" ">
    <subfield code="a">Quantitative Methods - Journals, Business and Economics - Journals.</subfield>
    <subfield code="9">28581</subfield>
  </datafield>
  <datafield tag="942" ind1=" " ind2=" ">
    <subfield code="c">CR</subfield>
  </datafield>
  <datafield tag="952" ind1=" " ind2=" ">
    <subfield code="0">0</subfield>
    <subfield code="1">0</subfield>
    <subfield code="4">0</subfield>
    <subfield code="7">0</subfield>
    <subfield code="a">CL</subfield>
    <subfield code="b">CL</subfield>
    <subfield code="d">2020-02-22</subfield>
    <subfield code="l">0</subfield>
    <subfield code="o">Vol-3, No-1 Feb 2019</subfield>
    <subfield code="p">S-9027</subfield>
    <subfield code="r">2020-02-22</subfield>
    <subfield code="w">2020-02-22</subfield>
    <subfield code="y">CR</subfield>
  </datafield>
  <datafield tag="952" ind1=" " ind2=" ">
    <subfield code="0">0</subfield>
    <subfield code="1">0</subfield>
    <subfield code="4">0</subfield>
    <subfield code="7">0</subfield>
    <subfield code="a">CL</subfield>
    <subfield code="b">CL</subfield>
    <subfield code="d">2020-02-22</subfield>
    <subfield code="l">0</subfield>
    <subfield code="o">Vol-3, No-2 Aug 2019</subfield>
    <subfield code="p">S-96006</subfield>
    <subfield code="r">2020-02-22</subfield>
    <subfield code="y">CR</subfield>
  </datafield>
  <datafield tag="952" ind1=" " ind2=" ">
    <subfield code="0">0</subfield>
    <subfield code="1">0</subfield>
    <subfield code="4">0</subfield>
    <subfield code="7">0</subfield>
    <subfield code="a">CL</subfield>
    <subfield code="b">CL</subfield>
    <subfield code="d">2020-02-28</subfield>
    <subfield code="l">0</subfield>
    <subfield code="o">Vol-1, No-1 Feb 2017</subfield>
    <subfield code="p">S-96080</subfield>
    <subfield code="r">2020-02-28</subfield>
    <subfield code="y">CR</subfield>
  </datafield>
</record>
